Random Closest Country to Capital - Statistics

General Stats
  • This quiz has been taken 24 times
  • The average score is 14 of 20
Answer Stats
Capital Country % Correct
Podgorica Albania
100%
Asuncion Argentina
100%
Sucre Argentina
100%
Port Moresby Australia
100%
Wellington Australia
100%
Vilnius Belarus
100%
Cape Town Botswana
100%
Kigali Burundi
100%
Kathmandu China
100%
Taipei China
100%
Thimphu China
100%
Panama City Colombia
100%
Port-au-Prince Dominican Republic
100%
Luanda D. R. Congo
100%
Guatemala City El Salvador
100%
Helsinki Estonia
100%
Mogadishu Ethiopia
100%
Luxembourg France
100%
Monaco France
100%
Yaounde Gabon
100%
Amsterdam Germany
100%
Prague Germany
100%
Yamoussoukro Ghana
100%
Belmopan Guatemala
100%
Freetown Guinea
100%
Dhaka India
100%
Sri Jayawardenapura Kotte India
100%
Dili Indonesia
100%
Kuala Lumpur Indonesia
100%
Baghdad Iran
100%
Baku Iran
100%
Amman Israel
100%
Valletta Italy
100%
Vatican City Italy
100%
Hanoi Laos
100%
Jakarta Malaysia
100%
South Tarawa Marshall Islands
100%
Beijing Mongolia
100%
New Delhi Nepal
100%
Tegucigalpa Nicaragua
100%
Cotonou Nigeria
100%
Porto-Novo Nigeria
100%
Seoul North Korea
100%
Tirana North Macedonia
100%
Abu Dhabi Oman
100%
Kabul Pakistan
100%
La Paz Peru
100%
Madrid Portugal
100%
Kinshasa Republic of the Congo
100%
Belgrade Romania
100%
Astana Russia
100%
Kuwait City Saudi Arabia
100%
Manama Saudi Arabia
100%
Sana'a Saudi Arabia
100%
Praia Senegal
100%
Pristina Serbia
100%
Sofia Serbia
100%
Vienna Slovakia
100%
Djibouti Somalia
100%
Mbabane South Africa
100%
Pyongyang South Korea
100%
Tokyo South Korea
100%
Khartoum South Sudan
100%
Rabat Spain
100%
Copenhagen Sweden
100%
Manila Taiwan
100%
Gitega Tanzania
100%
Vientiane Thailand
100%
Apia Tonga
100%
Suva Tonga
100%
Tehran Turkmenistan
100%
Reykjavik United Kingdom
100%
Ottawa United States
100%
Buenos Aires Uruguay
100%
Rome Vatican City
100%
Bogota Venezuela
100%
Phnom Penh Vietnam
100%
Lima Brazil
83%
Washington Canada
83%
Vaduz Switzerland
80%
Ankara Bulgaria
75%
Bangui D. R. Congo
75%
Brazzaville D. R. Congo
75%
Nuku'alofa Fiji
75%
Nairobi Tanzania
75%
Santiago Argentina
67%
Moscow Belarus
67%
Warsaw Belarus
67%
Abuja Cameroon
67%
Managua Costa Rica
67%
London France
67%
Paramaribo France
67%
Ouagadougou Ghana
67%
Male India
67%
Majuro Kiribati
67%
Harare Mozambique
67%
Bangkok Myanmar
67%
St. John's Saint Kitts and Nevis
67%
St. George's Saint Vincent and the Grenadines
67%
Bissau Senegal
67%
Oslo Sweden
67%
Tripoli Tunisia
67%
Niamey Burkina Faso
50%
Kingston Cuba
50%
Addis Ababa Djibouti
50%
Maputo Eswatini
50%
Asmara Ethiopia
50%
Funafuti Fiji
50%
Tallinn Finland
50%
Bern France
50%
Lome Ghana
50%
Bamako Guinea
50%
San Salvador Honduras
50%
Ashgabat Iran
50%
San Marino Italy
50%
Jerusalem Jordan
50%
Tashkent Kazakhstan
50%
Palikir Marshall Islands
50%
Sarajevo Montenegro
50%
Lilongwe Mozambique
50%
Brussels Netherlands
50%
Berlin Poland
50%
Budapest Slovakia
50%
Port Vila Solomon Islands
50%
Algiers Spain
50%
Andorra la Vella Spain
50%
Lisbon Spain
50%
Beirut Syria
50%
Havana United States
50%
Dushanbe Uzbekistan
50%
Lusaka Zimbabwe
50%
Bucharest Bulgaria
40%
Dodoma Kenya
33%
Bandar Seri Begawan Malaysia
33%
Georgetown Suriname
33%
Basseterre Antigua and Barbuda
0%
Montevideo Argentina
0%
Bratislava Austria
0%
Ljubljana Austria
0%
Tbilisi Azerbaijan
0%
Riyadh Bahrain
0%
Kyiv Belarus
0%
Paris Belgium
0%
Brasilia Bolivia
0%
Pretoria Botswana
0%
Windhoek Botswana
0%
Malabo Cameroon
0%
N'Djamena Cameroon
0%
Caracas Colombia
0%
Quito Colombia
0%
Libreville Equatorial Guinea
0%
Sao Tome Equatorial Guinea
0%
Ngerulmud Federated States of Micronesia
0%
Stockholm Finland
0%
Antananarivo France
0%
Castries France
0%
Moroni France
0%
Port Louis France
0%
Roseau France
0%
Dakar Gambia
0%
Santo Domingo Haiti
0%
Islamabad India
0%
Muscat Iran
0%
Cairo Israel
0%
Tunis Italy
0%
Bishkek Kazakhstan
0%
Kampala Kenya
0%
Yaren Kiribati
0%
Skopje Kosovo
0%
Damascus Lebanon
0%
Bloemfontein Lesotho
0%
Minsk Lithuania
0%
Riga Lithuania
0%
Singapore Malaysia
0%
Victoria Mauritius
0%
Canberra New Zealand
0%
San Jose Nicaragua
0%
Honiara Papua New Guinea
0%
Ulaanbaatar Russia
0%
Bridgetown Saint Lucia
0%
Kingstown Saint Lucia
0%
Doha Saudi Arabia
0%
Nouakchott Senegal
0%
Conakry Sierra Leone
0%
Monrovia Sierra Leone
0%
Zagreb Slovenia
0%
Gaborone South Africa
0%
Maseru South Africa
0%
Naypyidaw Thailand
0%
Accra Togo
0%
Athens Turkey
0%
Nicosia Turkey
0%
Juba Uganda
0%
Chisinau Ukraine
0%
Dublin United Kingdom
0%
Mexico City United States
0%
Nassau United States
0%
Port of Spain Venezuela
0%
No matching quizzes found
Score Distribution
Percent of People with Each Score
Percentile by Number Answered
Your Score History
You have not taken this quiz